عرض عادي
عرض مارك
- جاردنر، إلدون ج.
مدخل إسم شخص
001 - رقم الضبط
- حقل الضبط: 2036
003 - معرف رقم الضبط
- حقل الضبط: OSt
005 - تاريخ ووقت أخر عملية
- حقل الضبط: 20110804010423.0
008 - عناصر بيانات ثابتة الطول
- حقل تحكم ثابت الطول: 110804|||a|||||| | ||| d
040 ## - مصدر الفهرسة
- هيئة الفهرسة الأصلية: OSt
- وكالة الكتابة: OSt
100 ## - مدخل -- أسم شخص
- إسم شخص: جاردنر، إلدون ج.
670 ## - بيانات المصدر موجوده
- الاستشهاد بالمصدر: Work cat.: (OSt)2183: جاردنر، إلدون ج., التدريبات الوراثية المعملية /, 1405] 1985 أو 1406]
